El problema del alma /

Guardado en:
Bibliografiske detaljer
Hovedforfatter: Tresmontant, Claude (autor)
Format: Bog
Sprog:spansk
Udgivet: Barcelona, España : Herder, 1974, c1974
Fag:
Tags: Tilføj Tag
Ingen Tags, Vær først til at tagge denne postø!

MARC

LEADER 00000nam^a2200000^a^4500
001 000230578
005 20250521000000.0
009 20260310104441.933
020 |a 84-254-0870-9 
037 |a Acervo Xavier Clavigero 
041 |a ESP 
082 |a 128. 1  |b TRE 
100 |a Tresmontant, Claude  |e (autor) 
245 1 3 |a El problema del alma /  |c C. Tresmontant ; tr. por Francisco Herrero Martín. 
264 4 |a Barcelona, España :  |b Herder,  |c 1974, c1974 
300 |a 194 p. 
336 |a texto  |b txt  |2 rdacontenido 
337 |a sin mediación  |b n  |2 rdamedio 
338 |a volumen  |b nc  |2 rdasoporte 
500 |a Traducción de: Le problème de l'âme 
649 |a XX 
650 |a Alma y Cuerpo -  |x Tema Principal 
650 |a Filosofía Griega 
650 |a Filosofía 
910 |a Fondo General 
920 |a Impresos - Libros 
930 |a Colección General 
905 |a 101 
901 |a 050212  |b IT1  |c ACC  |i 050212  |u 20250521 
902 |a https://opac.biblio.iteso.mx/vufind/Record/000230578